000 01053cam a22003017a 4500
003 CHAP
005 20220329133949.0
008 971013s1977 r 00010 d
010 _a13327
011 _a14299
035 _a18372
040 _cCHAP
100 0 0 _aCastañeda Rodríguez, Ricardo.
_919935
245 1 3 _aEl desarrollo de la ganadería en el estado de Guerrero
_b: estructura y crecimiento de 1930 a 1970
260 _aMéxico, D.F. :
_bEl autor,
_c1977
300 _a66 h.
_b: gráfs.
500 _aTesis (Médico Veterinario Zootecnista) -- UNAM. Fac. de Medicina Veterinaria y Zootecnia
590 _aBATCH-UPD
_b10
_c20130110
_lUCH01
_h0240
590 _aBATCH-UPD
_b10
_c20130110
_lUCH01
_h2152
590 _aBATCH-UPD
_b10
_c20130409
_lUCH01
_h2306
590 _aBATCH-UPD
_b10
_c20130914
_lUCH01
_h0856
590 _aCONVERSION
_b10
_c20130109
_lUCH01
_h1309
650 1 4 _aGanadería
_xGuerrero.
_944743
650 1 4 _aGanadería
_xHistoria
_xGuerrero.
_944747
901 _aBK
942 _cTESIS
949 _bBC
_cTES
_d-42897
_eTS1
_i18372
_si
999 _c13327
_d13327